Anglicko-slovenský slovensko-anglický slovník : Dictionary English-Slovak Slovak-English

Na minha lista:
Detalhes bibliográficos
Main Authors: Haraksimová, Erna (Author), Mokrá, Rita (Author), Smrčinová, Dagmar (Author)
Formato: Livro
Idioma:inglês
eslovaco
Publicado em: Praha : Ottovo nakladatelství, 2006
Edição:[2. doplnené slovenské vyd.]
Assuntos:
Tags: Adicionar Tag
Sem tags, seja o primeiro a adicionar uma tag!

MARC

LEADER 00000nam a22000003a 4500
001 stu130062
005 20150617225930.9
008 061121s2006----xr------------------eng-d
020 |a 80-7360-457-4 
040 |a STU  |b slo 
041 0 |a eng  |a slo 
044 |a xr 
080 |a 81´374.822=111=162.4 
080 |a 801.323.2=20=854=854=20  |7 stu_us_auth*stu8388 
100 1 |a Haraksimová, Erna  |4 aut 
245 1 |a Anglicko-slovenský slovensko-anglický slovník :  |b Dictionary English-Slovak Slovak-English 
250 |a [2. doplnené slovenské vyd.] 
260 |a Praha :  |b Ottovo nakladatelství,  |c 2006 
300 |a 896 s 
650 7 |a dvojjazyčné slovníky anglicko-slovenské  |2 stusub 
700 1 |a Mokrá, Rita  |4 aut 
700 1 |a Smrčinová, Dagmar  |4 aut 
996 |b 284EK87160  |c E*87160  |l EE01  |s A  |a 24  |w stu130062_0001 
996 |b 284J029701  |c J*106201  |l JJK2  |s P  |a 0  |w stu130062_0002